000 00455nam a2200133Ia 4500
008 100328s9999 xx 000 0 und d
082 _b12520
100 _aचेंदवणकर सदानंद
245 _aभारतीय शास्त्रज्ञ
260 _bश्रीनिवास
630 _aभारतीय शास्त्रज्ञ
730 _aभारतीय शास्त्रज्ञ
942 _cBOOK
999 _c507766
_d507763